Iron Man / (Record no. 1678)
[ view plain ]
| 000 -LEADER | |
|---|---|
| fixed length control field | 01238nam a22002657a 4500 |
| 005 - DATE AND TIME OF LATEST TRANSACTION | |
| control field | 20230914124129.0 |
| 020 ## - INTERNATIONAL STANDARD BOOK NUMBER | |
| International Standard Book Number | 9780316387439 |
| 040 ## - CATALOGING SOURCE | |
| Original cataloging agency | DLC |
| Language of cataloging | eng |
| Transcribing agency | DLC |
| Description conventions | rda |
| Modifying agency | DLC |
| 050 00 - LIBRARY OF CONGRESS CALL NUMBER | |
| Classification number | PZ7.I673 |
| Item number | Iq 2014 |
| 082 00 - DEWEY DECIMAL CLASSIFICATION NUMBER | |
| Classification number | 741.5/973 |
| Edition number | 23 |
| 100 1# - MAIN ENTRY--PERSONAL NAME | |
| Personal name | Irvine, Alexander |
| Fuller form of name | (Alexander C.) |
| 245 10 - TITLE STATEMENT | |
| Title | Iron Man / |
| Statement of responsibility, etc. | adapted by Alex Irvine. |
| 260 ## - PUBLICATION, DISTRIBUTION, ETC. | |
| Place of publication, distribution, etc. | New York : |
| Name of publisher, distributor, etc. | Little, Brown and Company, |
| Date of publication, distribution, etc. | 2014 |
| 300 ## - PHYSICAL DESCRIPTION | |
| Extent | 247 pages : |
| Dimensions | 21 cm |
| 490 0# - SERIES STATEMENT | |
| Series statement | Marvel cinematic universe. Phase one |
| 500 ## - GENERAL NOTE | |
| General note | "Iron Man. Based on the screenplay by Mark Fergus & Hawk Ostby and Art Marcum & Matt Holloway." |
| 500 ## - GENERAL NOTE | |
| General note | "Iron Man 2. Based on the screenplay by Justin Theroux." |
| 505 ## - FORMATTED CONTENTS NOTE | |
| Formatted contents note | M |
| 520 ## - SUMMARY, ETC. | |
| Summary, etc. | Tony Stark was once just a billionaire industrialist. But after building himself a lifesaving suit of armor, he became Iron Man. Join the action as this Super Hero fights for the American way against Iron Monger and Whiplash in his ongoing saga as told in Iron Man and Iron Man 2. Re-live all of The Avengers' individual stories before they reassemble in Marvel's Avengers: Age of Ultron. |
| 521 ## - TARGET AUDIENCE NOTE | |
| Target audience note | 730 <br/> |
| Source | Lexile |
| 521 ## - TARGET AUDIENCE NOTE | |
| Target audience note | M <br/> |
| Source | Raz-Plus |
| 906 ## - LOCAL DATA ELEMENT F, LDF (RLIN) | |
| a | 7 |
| b | cbc |
| c | orignew |
| d | 1 |
| e | ecip |
| f | 20 |
| g | y-gencatlg |
| 942 ## - ADDED ENTRY ELEMENTS (KOHA) | |
| Source of classification or shelving scheme | Dewey Decimal Classification |
| Koha item type | Books |
| Suppress in OPAC | No |
| 999 ## - | |
| -- | 1678 |
| -- | 1678 |
| Withdrawn status | Lost status | Source of classification or shelving scheme | Damaged status | Not for loan | Collection | Home library | Current library | Shelving location | Date acquired | Total Checkouts | Full call number | Barcode | Date last seen | Date last checked out | Price effective from | Koha item type |
|---|---|---|---|---|---|---|---|---|---|---|---|---|---|---|---|---|
| Dewey Decimal Classification | Juvenile Fiction | Footprints International School Library Network Toul Kork Campus | Footprints International School Library Network Toul Kork Campus | TK Primary Library Room(4th Floor), Bookcase 5&6, Shelves 33-56, Orange Books | 09/14/2023 | 1 | IRV 741.5'973 PZ7.I673Phi 2014 | FISTK05454 | 11/22/2023 | 09/27/2023 | 09/14/2023 | Books |
